| 000 -LEADER |
| fixed length control field |
01508cam a2200409 a 4500 |
| 001 - CONTROL NUMBER |
| control field |
7918111 |
| 003 - CONTROL NUMBER IDENTIFIER |
| control field |
OSt |
| 005 - DATE AND TIME OF LATEST TRANSACTION |
| control field |
20211119161555.0 |
| 006 - FIXED-LENGTH DATA ELEMENTS--ADDITIONAL MATERIAL CHARACTERISTICS |
| fixed length control field |
m d |
| 007 - PHYSICAL DESCRIPTION FIXED FIELD--GENERAL INFORMATION |
| fixed length control field |
cr n |
| 008 - FIXED-LENGTH DATA ELEMENTS--GENERAL INFORMATION |
| fixed length control field |
081104s2009 gw a sb 001 0 eng d |
| 015 ## - NATIONAL BIBLIOGRAPHY NUMBER |
| National bibliography number |
991135873 |
| Source |
dnb |
| 020 ## - INTERNATIONAL STANDARD BOOK NUMBER |
| International Standard Book Number |
9783540899143 |
| 035 ## - SYSTEM CONTROL NUMBER |
| System control number |
(WaSeSS)ssj0000317886 |
| 038 ## - RECORD CONTENT LICENSOR |
| Staff Name |
Khadija |
| 040 ## - CATALOGING SOURCE |
| Original cataloging agency |
YDXCP |
| Transcribing agency |
YDXCP |
| Modifying agency |
BWX |
| -- |
UUM |
| -- |
WAU |
| -- |
GBVCP |
| -- |
DLC |
| -- |
WaSeSS |
| 042 ## - AUTHENTICATION CODE |
| Authentication code |
lccopycat |
| 050 #4 - LIBRARY OF CONGRESS CALL NUMBER |
| Classification number |
QA279.6 |
| Item number |
.S45 2009 |
| 082 ## - DEWEY DECIMAL CLASSIFICATION NUMBER |
| Classification number |
629.89 |
| Author Mark |
SEN |
| 100 1# - MAIN ENTRY--PERSONAL NAME |
| Personal name |
Sengupta, Atanu. |
| 9 (RLIN) |
84699 |
| 210 10 - ABBREVIATED TITLE |
| Abbreviated title |
Fuzzy preference ordering of interval numbers in decision problems |
| 245 10 - TITLE STATEMENT |
| Title |
Fuzzy Preference Ordering of Interval Numbers in Decision Problems / |
| Statement of responsibility, etc. |
Atanu Sengupta and Tapan Kumar Pal. |
| 260 ## - PUBLICATION, DISTRIBUTION, ETC. |
| Place of publication, distribution, etc. |
Berlin : |
| Name of publisher, distributor, etc. |
Springer, |
| Date of publication, distribution, etc. |
c2009 |
| 490 1# - SERIES STATEMENT |
| Series statement |
Studies in Fuzziness and Soft Computing ; 238 |
| 504 ## - BIBLIOGRAPHY, ETC. NOTE |
| Bibliography, etc. note |
Includes bibliographical references and index. |
| 506 ## - RESTRICTIONS ON ACCESS NOTE |
| Terms governing access |
License restrictions may limit access. |
| 563 ## - BINDING INFORMATION |
| Binding note |
HB |
| 650 #0 - SUBJECT ADDED ENTRY--TOPICAL TERM |
| Topical term or geographic name entry element |
Fuzzy decision making. |
| 9 (RLIN) |
84700 |
| 650 #0 - SUBJECT ADDED ENTRY--TOPICAL TERM |
| Topical term or geographic name entry element |
Interval analysis (Mathematics) |
| 9 (RLIN) |
84701 |
| 650 #0 - SUBJECT ADDED ENTRY--TOPICAL TERM |
| Topical term or geographic name entry element |
Fuzzy sets. |
| 9 (RLIN) |
84702 |
| 700 1# - ADDED ENTRY--PERSONAL NAME |
| Personal name |
Pal, Tapan Kumar. |
| 9 (RLIN) |
84703 |
| 773 #0 - HOST ITEM ENTRY |
| Title |
SpringerLink ebooks - Engineering (2009) |
| 830 #0 - SERIES ADDED ENTRY--UNIFORM TITLE |
| Uniform title |
Studies in fuzziness and soft computing ; |
| Volume/sequential designation |
v. 238. |
| 9 (RLIN) |
84704 |
| 856 40 - ELECTRONIC LOCATION AND ACCESS |
| Uniform Resource Identifier |
<a href="http://www.columbia.edu/cgi-bin/cul/resolve?clio7918111">http://www.columbia.edu/cgi-bin/cul/resolve?clio7918111</a> |
| Public note |
Full text available from SpringerLink ebooks - Engineering (2009) |
| 910 ## - USER-OPTION DATA (OCLC) |
| User-option data |
Library of Congress record |
| 942 ## - ADDED ENTRY ELEMENTS (KOHA) |
| Source of classification or shelving scheme |
|
| Koha item type |
Book |